Visualizzazione normale
Vista MARC
- Brahms Johannes
di Personal Name
Records bibliografici associati: 1
001 - CONTROL NUMBER
- control field: 32273
003 - CONTROL NUMBER IDENTIFIER
- control field: IT-RoPau
005 - DATE AND TIME OF LATEST TRANSACTION
- control field: 20140627172551.0
008 - FIXED-LENGTH DATA ELEMENTS
- fixed length control field: 140627|| aca||aabn | a|a d
040 ## - CATALOGING SOURCE
- Original cataloging agency: IT-RoPau
- Transcribing agency: IT-RoPau
100 ## - HEADING--PERSONAL NAME
- Personal name: Brahms Johannes
- Miscellaneous information: Codice autore musica SPICS: 8867
- Relator term: Autore musica
- Name of part/section of a work: Violin concerto in d major, op. 77
670 ## - SOURCE DATA FOUND
- Source citation: Work cat.: (IT-RoPau)99584: AA.VV. 794, Great Violin Concertos (The)